000 01330cam a22003251i 4500
003 SA-RiAUC
005 20250102080650.0
008 241229q19001999xx g 00010 ara c
040 _aSA-JeALM
_bara
_cSA-RiAUC.
_erda
082 0 4 _a245
_qSA-RiAUC
090 _a245
_bك ي ا
100 1 _aالكيالي، محمد عادل عزيزة
_eمؤلف.
245 1 2 _aالفرقة الناجية هي الأمة الإسلامية /
_cبقلم محمد عادل عزيزة الكيالي.
250 _aالطبعة الثالثة.
264 1 _a[مكان النشر غير محدد] :
_bمحمد عادل عزيزة الكيالي،
_c[بين 1900 و1999]
300 _a102 صفحة ؛
_c24 سم
336 _aنص
_btxt
_2rdacontent
_3كتاب
337 _aبدون وسيط
_bn
_2rdamedia
338 _aمجلد
_bnc
_2rdacarrier
500 _aإهداء من المؤلف محمد عادل عزيزة الكيالي بتاريخ 1427/9/18 هـ
650 7 _aالفرق الإسلامية
_2aucsh
650 7 _aأهل السنة
_2aucsh
650 7 _aعلم الكلام
_2aucsh
650 7 _aالتكفير
_2aucsh
650 7 _aالتطرف الديني
_2aucsh
650 7 _aالإسلام والإصلاح
_2aucsh
653 _aالديانات
942 _2ddc
_cBOOK
_n0
949 _aSA-JeALM
_d241229
_umohamedma123
_n1
999 _c4332
_d4332